000 00316 a2200133 4500
001 54157
082 _a629.8222SAF
090 _c33772
_d33772
100 _aSaeed,Hasan.S
245 _aAutomatic Control Systems, 5e
250 _a5 revised ed
260 _aNew Delhi
_bS.K Kataria & Sons
_c2007
300 _a659
942 _aNUST-CAE
_k629.8222SAF
999 _c289230
_d289230